Statistiche per Bandiere dell'Asia

Clicka qui per fare il quiz!

Statistiche generali

  • Questo quiz è stato fatto 954 volte
  • Il punteggio medio è 38 su 48

Statistiche sulle risposte

Risposta% Corretto
Cina
99%
Israele
97%
Giappone
95%
Corea del Sud
94%
India
94%
Cipro
93%
Vietnam
92%
Turchia
91%
Nepal
90%
Libano
89%
Arabia Saudita
88%
Bangladesh
87%
Iran
86%
Pakistan
85%
Georgia
82%
Bhutan
82%
Cambogia
82%
Sri Lanka
82%
Malesia
81%
Kazakistan
81%
Iraq
80%
Armenia
80%
Indonesia
80%
Singapore
79%
Qatar
78%
Corea del Nord
78%
Thailandia
78%
Siria
78%
Filippine
77%
Afghanistan
76%
Laos
76%
Azerbaijan
75%
Uzbekistan
74%
Birmania
74%
Turkmenistan
72%
Taiwan
72%
Mongolia
72%
Emirati Arabi Uniti
72%
Yemen
70%
Kirghizistan
68%
Kuwait
68%
Maldive
68%
Giordania
67%
Bahrain
67%
Oman
65%
Brunei
65%
Tagikistan
62%
Timor Est
62%

Distribuzione punteggi

Percentile per numero di risposta

Percentuale di utenti per punteggio

I tuoi punteggi nel tempo

Non hai fatto questo quiz